000 01454cam a22003977a 4500
003 CHAP
005 20220329135600.0
008 971013s1975 r 00010 d
010 _a38848
011 _a39820
035 _a43945
040 _cCHAP
090 _aFolleto 2811
100 0 0 _aMolina Aznar, Rubén.
_977335
245 1 3 _aEl mercado de la toronja
260 _a(s.l.) :
_bFondo de Garantía y Fomento para la Agricultura, Ganadería y Avicultura,
_c1975
300 _a42 p.
_b; láms
490 0 _aSerie sobre comercialización de productos agropecuarios
_v; 11
500 _ac.4 bodega
590 _aBATCH-UPD
_b10
_c20130109
_lUCH01
_h2337
590 _aBATCH-UPD
_b10
_c20130110
_lUCH01
_h0327
590 _aBATCH-UPD
_b10
_c20130110
_lUCH01
_h2222
590 _aBATCH-UPD
_b10
_c20130409
_lUCH01
_h1905
590 _aBATCH-UPD
_b10
_c20130409
_lUCH01
_h2359
590 _aBATCH-UPD
_b10
_c20130410
_lUCH01
_h1520
590 _aBATCH-UPD
_b10
_c20130914
_lUCH01
_h1829
590 _aCONVERSION
_b10
_c20130109
_lUCH01
_h1322
650 1 4 _aToronja
_xMercadeo
_xMéxico.
_9113981
650 1 4 _aToronja
_xMéxico.
_9113982
830 0 _aSerie sobre comercialización de productos agropecuarios
_v; 11
_9105037
901 _aBK
942 _cFOLL
949 _aFolleto 2811
_bBC
_cFOLL
_d-100576
_eTS1
_i43945
_mD
_si
949 _aFolleto 2811
_bBC
_cFOLL
_d-100577
_eTS2
_fc.2
_i43945
_mD
_si
949 _aFolleto 2811
_bBC
_cFOLL
_d-100578
_eTS2
_fc.3
_i43945
_mD
_si
999 _c38848
_d38848